Di truyền và công nghệ tế bào SOMA.
Guardat en:
| Autor principal: | |
|---|---|
| Format: | Llibre |
| Idioma: | Undetermined |
| Publicat: |
Hà Nội
Khoa học Kỹ thuật
2002
|
| Matèries: | |
| Etiquetes: |
Afegir etiqueta
Sense etiquetes, Sigues el primer a etiquetar aquest registre!
|
| Thư viện lưu trữ: | Trung tâm Học liệu Trường Đại học Cần Thơ |
|---|
| LEADER | 00636nam a2200217Ia 4500 | ||
|---|---|---|---|
| 001 | CTU_63306 | ||
| 008 | 210402s9999 xx 000 0 und d | ||
| 020 | |c 14000 | ||
| 082 | |a 572.8 | ||
| 082 | |b H305 | ||
| 100 | |a Nguyễn, Như Hiền | ||
| 245 | 0 | |a Di truyền và công nghệ tế bào SOMA. | |
| 245 | 0 | |c Nguyễn Như Hiền | |
| 260 | |a Hà Nội | ||
| 260 | |b Khoa học Kỹ thuật | ||
| 260 | |c 2002 | ||
| 526 | |a Công nghệ Gen và tế bào | ||
| 526 | |b SP550 | ||
| 650 | |a Somatic cells,Cytogenetics | ||
| 904 | |i Minh | ||
| 980 | |a Trung tâm Học liệu Trường Đại học Cần Thơ | ||